LEADER 00928nam a2200229 i 4500 001 000000246979 003 CaOOAMICUS 005 20151203000000.0 008 151203s1970 it u000 u ita u 013 $a225884 040 $aSeMil$bita 245 13$aLa vita e il tempo del Magnifico. 260 $aMilano :$bArnoldo Mondadori Editore,$c1970. 300 $a126 p. :$bill. ;$c23 cm. 490 0 $aI grandi della storia ;$v7 600 14$aLorenzo : de' Medici .$0(OLS)http://semarc/subject/6091 830 2$aI grandi della storia ;$v7.$0(OLS)http://semarc/title/8377 850 $aSeMil 852 $aSeMil$W1$xVenegono$y1$m3W I 326$j197325$B197325$CSeMilBibl$Z2$F208977 $81 961 $aOmaggio: Istituto San Vincenzo 996 $6245$aLa vita e il tempo del Magnifico$9(OLS)http://semarc/title/348882 996 $6260$aMilano :$bArnoldo Mondadori Editore$9(OLS)http://semarc/publisher/30056 LEADER 01998nam a2200349 i 4500 001 000000011815 003 CaOOAMICUS 005 20230926125648.0 008 180830s1668 ne u000 u lat u 040 $aSeMil$bita 100 1 $aVossius, Gerhard Johann,$d<1577-1649>.$0(OLS)http://semarc/name/11986 245 10$aGerardi Ioannis Vossii De theologia gentili, et physiologia christiana; sive De origine ac progressu idololatriae; deque naturae mirandis, quibus homo adducitur ad deum, libri 9. 250 $aEditio nova: quorum 4 libri priores ab auctore plurimùm aucti, addendaque in calce eorum suis locis inserta. Posteriores 5 libri ... 260 $aAmsterdami :$bApud Ioannem Blaeu,$c1668. 300 $a2 v. ;$cfol. 500 $aMarca (Sfera armillare tra il Tempo ed Ercole: Indefessus agendo) sui front. 500 $aLegati insieme i 2 vol. 500 $aA cura di Isaac Vossius, il cui nome appare nella pref. nel vol. 1 500 $aContiene il testo ebraico, con la traduzione latina e le note del Voss, del De idolatria di Maimonide 500 $aIl vol. 1 contiene i libri 1-3, il vol. 2 contiene i libri 4-9 700 1 $aVossius, Issac,$d<1618-1689>.$0(OLS)http://semarc/name/3181 700 1 $aMaimonides,$d<1138-1204>.$0(OLS)http://semarc/name/39424 700 1 $aBlaeu, Joan$b<1.,$cEditore,$d1632-1673>.$0(OLS)http://semarc/name/26025 774 0 $aVossius, Gerhard Johann <1577-1649>$t[Tomus 1].$g1$w()98711 774 0 $aVossius, Gerhard Johann <1577-1649>$tTomus 2.$g2$w()256148 900 1 $aMoïse Maïmonide. 900 0 $aMosè Maimonide. 996 $6245$aGerardi Ioannis Vossii De theologia gentili, et physiologia christiana; sive De origine ac progressu idololatriae; deque naturae mirandis, quibus homo adducitur ad deum, libri 9$9(OLS)http://semarc/title/401338 996 $6260$aAmsterdami :$bApud Ioannem Blaeu$9(OLS)http://semarc/publisher/55950